| 000 | 00733cam a22002534a 4500 | ||
|---|---|---|---|
| 001 | 43552792 | ||
| 003 | OCoLC | ||
| 005 | 20150408113724.0 | ||
| 007 | cr mnu | ||
| 008 | 000218s2000 flua b 001 0 eng | ||
| 010 | _a00023728 | ||
| 020 | _a1584881747 (acidfree paper) | ||
| 040 |
_aDLC _cDLC |
||
| 042 | _apcc | ||
| 050 | 0 | 0 |
_aQA276.7 _b.G55 2000 |
| 082 | 0 | 0 |
_a519.2 _221 |
| 100 | 1 |
_aGilchrist, Warren, _d1932- _94481 |
|
| 245 | 1 | 0 |
_aStatistical modelling with quantile functions / _cWarren G. Gilchrist. |
| 260 |
_aBoca Raton _bChapman & Hall/CRC, _cc2000. |
||
| 300 |
_axx, 320 p. _bill. ; _c24 cm. |
||
| 650 |
_aDistribution (Probability theory) _94482 |
||
| 650 |
_aSampling (Statistics) _94483 |
||
| 942 |
_2ddc _cDVD |
||
| 999 |
_c952 _d235452 |
||